| 000 | 01008cam a2200313 i 4500 | ||
|---|---|---|---|
| 001 | 200442949 | ||
| 003 | TR-AnTOB | ||
| 005 | 20240808111759.0 | ||
| 007 | ta | ||
| 008 | 161215s2009 tu a 000 0 tur d | ||
| 020 |
_a9786054145010 _q(hardback) |
||
| 035 | _a(OCoLC) | ||
| 040 |
_aSULEY _beng _cSULEY _dTR-AnTOB _erda |
||
| 041 | 0 | _atur | |
| 060 |
_aWF 600 _bA75 2009 |
||
| 096 |
_aWF600 _bA75 2009 |
||
| 100 | 1 |
_aArıyürek, Macit. _9143009 _eauthor |
|
| 245 | 1 | 0 |
_aKonvansiyonel akciğer radyolojisi : _bnormal anatomi, değerlendirme, olgu örnekleri / _cProf. Dr. Macit Arıyürek. |
| 246 | 3 | _aAkciğer radyolojisi | |
| 264 | 1 |
_aBahçelievler, Ankara : _bPoyraz Tıbbi Yayıncılık, _c2009. |
|
| 300 |
_a195 pages : _billustrations ; _c26 cm |
||
| 336 |
_atext _btxt _2rdacontent |
||
| 337 |
_aunmediated _bn _2rdamedia |
||
| 338 |
_avolume _bnc _2rdacarrier |
||
| 650 | 0 |
_aLungs _xRadiography _9143085 |
|
| 650 | 0 |
_aChest _xRadiography _977320 |
|
| 942 |
_2NLM _cBK |
||
| 999 |
_c200442949 _d61161 |
||